Geography Quiz

Random Geography or City Quiz

Most Populous Cities in Inland States Quiz Stats

Quiz Updated Mar 1, 2013

Also try: Big and Populated
Challenge
Share
Tweet
Embed
Score 0/41 Timer 06:00
4 Plays Today
Rank City % Correct
3Chicago, Illinois
97.2%
26Denver, Colorado
90.4%
30Las Vegas, Nevada
86.8%
18Detroit, Michigan
86.6%
37Kansas City, Missouri
86.6%
58St. Louis, Missouri
86.6%
25Nashville, Tennessee
85.8%
6Phoenix, Arizona
85.3%
31Oklahoma City, Oklahoma
85%
45Cleveland, Ohio
84.8%
12Indianapolis, Indiana
84.5%
48Minneapolis, Minnesota
83.9%
20Memphis, Tennessee
80.6%
15Columbus, Ohio
79.6%
62Cincinnati, Ohio
79.2%
5Philadelphia, Pennsylvania
77.7%
67St. Paul, Minnesota
76.1%
59Pittsburgh, Pennsylvania
73.6%
27Louisville, Kentucky
70.9%
28Milwaukee, Wisconsin
70.7%
42Omaha, Nebraska
66.5%
Rank City % Correct
82Madison, Wisconsin
59.8%
32Albuquerque, New Mexico
59.1%
72Lincoln, Nebraska
58.3%
89Reno, Nevada
56.6%
46Tulsa, Oklahoma
56.1%
33Tucson, Arizona
54.1%
41Colorado Springs, Colorado
53.3%
63Lexington, Kentucky
49.1%
66Toledo, Ohio
44.9%
49Wichita, Kansas
43.7%
38Mesa, Arizona
35.8%
56Aurora, Colorado
35.1%
74Fort Wayne, Indiana
31.7%
92Scottsdale, Arizona
28.1%
88Glendale, Arizona
25%
73Henderson, Nevada
23.6%
24Washington, DC
23.4%
93North Las Vegas, Nevada
20.5%
80Chandler, Arizona
14.9%
101Gilbert, Arizona
11.1%

You're not logged in!

Compare scores with friends on all Sporcle quizzes.
Sign Up with Email
OR
Log In

You Might Also Like...

Show Comments

Extras

Top Quizzes Today


Score Distribution

Your Account Isn't Verified!

In order to create a playlist on Sporcle, you need to verify the email address you used during registration. Go to your Sporcle Settings to finish the process.